Newsweek global

Detalles Bibliográficos
Título anterior:Newsweek
Formato: Electrónico Revista
Lenguaje:inglés
Publicado: New York, N.Y. : Newsweek/Daily Beast, 2013-
Materias:
Acceso en línea:Full text available from Research Library: 01/04/2013 to present

MARC

LEADER 00000nas a2200000 i 4500
001 ssj0000970547
003 WaSeSS
005 20200512172242.0
006 m d
007 cr n
008 060630c20139999nyuwr p s 0 a0eng c
010 |a  2016234431 
016 7 |a 2695244-0  |2 DE-600 
022 |a 2572-5343  |l 0028-9604 
035 |a (WaSeSS)ssj0000970547 
040 |a WaSeSS  |b eng  |e pn  |c S4S  |d DEBBG  |d OCLCO  |d OCLCF  |d OCL  |d OCLCQ  |d HLS  |d OCLCO  |d HLS  |d OCL  |d DLC  |d AU@  |d OCL  |d UUM  |d CUS  |d WaSeSS 
042 |a pcc  |a nsdp 
050 4 |a AP2  |b .N67728 
082 1 0 |a 051  |2 23 
222 0 |a Newsweek global 
245 0 0 |a Newsweek global  |h [electronic resource]. 
246 1 |a Newsweek, global ed. 
246 1 |i Some providers make available as part of the website for the earlier title:  |a Newsweek 
260 |a New York, N.Y. :  |b Newsweek/Daily Beast,  |c 2013- 
310 |a Weekly 
362 1 |a Began with Vol. 161, issue 1 (January 4, 2013). 
506 |a License restrictions may limit access. 
580 |a Continues the online version of Newsweek. The print version of Newsweek is still published as: Newsweek. 
588 |a Description based on: Vol. 161, issue 1 (January 4, 2013); title from journal table of contents page (EBSCOhost, viewed October 27, 2016). 
588 |a Latest issue consulted: Vol. 174, issue 3 (2/7/2020) (viewed February 5, 2020). 
648 7 |a 1900-2099  |2 fast 
650 0 |a Current events  |v Periodicals. 
650 0 |a History, Modern  |y 20th century  |v Periodicals. 
650 0 |a History, Modern  |y 21st century  |v Periodicals. 
650 7 |a Current events.  |2 fast  |0 (OCoLC)fst00885350 
650 7 |a History, Modern.  |2 fast  |0 (OCoLC)fst00958367 
655 0 |a Electronic journals. 
776 0 8 |i Print version:  |t Newsweek  |x 0028-9604  |w (DLC) 35009615  |w (OCoLC)1760328 
780 0 0 |t Newsweek  |w (OCoLC)609642093 
856 4 0 |z Full text available from Research Library: 01/04/2013 to present  |u https://search.proquest.com/publication/1966348